| 000 | 01068nam a2200325 a 4500 | ||
|---|---|---|---|
| 008 | 130729s2013 ag ||||| |||| 00| 0 spa d | ||
| 020 | _a9788415684060 | ||
| 041 | _aspa | ||
| 092 |
_c616.992 _l10 _sCAS |
||
| 100 | 1 |
_aCasciato, Dennis A. _92549 |
|
| 245 |
_aManual de oncología clínica / _cDennis A. Casciato |
||
| 250 | _a7a ed. | ||
| 260 |
_aBarcelona: _bLippincott; _c2013. |
||
| 300 | _a928 p. | ||
| 500 | _aCasciato, D. A. y Territo, M. C. (Col.). (2013). Manual de oncología clínica. (7a ed.). Barcelona : Lippincott. | ||
| 653 | _aOncologia | ||
| 653 | _aMedicina nuclear | ||
| 653 | _aOncologia radioterapica | ||
| 653 | _aAntineoplasicos | ||
| 653 | _aTratamiento sintomatico y complementario | ||
| 653 | _aComunicacion con los enfermos de cancer y sus familias | ||
| 653 | _aTumores de cabeza y cuello | ||
| 653 | _aNeoplasias de pulmon | ||
| 653 | _aCancer del aparato digestivo | ||
| 653 | _aCancer de mama | ||
| 653 | _aNeoplasias hematicas | ||
| 653 | _aComplicaciones | ||
| 700 | 1 |
_aTerrito, Mary C. _92551 |
|
| 942 |
_2ddc _cBK |
||
| 999 |
_c1595 _d1595 |
||